| 000 | 00712nam a2200193 4500 | ||
|---|---|---|---|
| 999 |
_c371339 _d371339 |
||
| 008 | 210108b ||||| |||| 00| 0 eng d | ||
| 040 |
_aSTAFF _bger _cSTAFF _erda |
||
| 041 | _ager | ||
| 245 |
_aGab es in Frankfurt (Oder) ein drittes mittelalterliches Kaufhaus? / _cChristian Matthes |
||
| 264 | _c2021 | ||
| 653 | _aFrankfurt (Oder) | ||
| 653 | _aMittelalter | ||
| 653 | _aBebauung | ||
| 773 |
_dFrankfurt (Oder): Stadt Frankfurt (Oder) und Büro für Stadtplanung, -forschung und -erneuerung _g(2021), Nr. 29, Dezember, S.14: Fots _tZentrum: Zeitschrift für das Sanierungsgebiet ehemalige Altstadt Frankfurt (Oder) |
||
| 942 | _cA | ||